000
00264nam a22001217a 4500
003
SGT
082
_a
346.048
_b
RAM
100
_a
RAMAN, WAGH KOVER
245
_a
INTELLECTUAL PROPERTY RIGHTS
260
_a
INDIA
_b
PV. PUB.
_c
2020
300
_a
195
942
_2
ddc
_c
BK
999
_c
32426
_d
32426